Gaming Quiz

Random Gaming or Board Games Quiz

Kingdom Hearts levels Quiz Stats

 Plays Quiz not verified by Sporcle

Challenge
Share
Tweet
Embed
Score 0/28 Timer 07:00
0 Plays Today
Game Levels % Correct
Kingdom Hearts 1Traverse Town
88.6%
Kingdom Hearts 1Wonderland
88.4%
Kingdom Hearts 1Destiny Island
87.9%
Kingdom Hearts 1Agrabah
82.5%
Kingdom Hearts 2Agrabah
82.5%
Kingdom Hearts 1Halloween Town
81.6%
Kingdom Hearts 2Halloween Town
81.6%
Kingdom Hearts 1Hollow Bastion
81.4%
Kingdom Hearts 1Deep Jungle
81.3%
Kingdom Hearts 2Twilight Town
81.3%
Kingdom Hearts 1Neverland
79.5%
Kingdom Hearts 1Atlantica
78.8%
Kingdom Hearts 2Atlantica
78.8%
Kingdom Hearts 1Monstro
76.4%
Game Levels % Correct
Kingdom Hearts 2The World That Never Was
74.6%
Kingdom Hearts 1End of the World
74.5%
Kingdom Hearts 2Pride Lands
71.6%
Kingdom Hearts 2Land of Dragons
68.9%
Kingdom Hearts 2Beast's Castle
68.2%
Kingdom Hearts 1Olympus Coliseum
67.9%
Kingdom Hearts 2Port Royal
64.1%
Kingdom Hearts 2Disney Castle
62.8%
Kingdom Hearts 2Space Paranoids
56.3%
Kingdom Hearts 2Timeless River
47.9%
Kingdom Hearts 1100 Acre Woods
38.6%
Kingdom Hearts 2100 Acre Woods
38.6%
Kingdom Hearts 2The Underworld
38.5%
Kingdom Hearts 2Radient Garden
24.1%

You're not logged in!

Compare scores with friends on all Sporcle quizzes.
Join for Free
OR
Log In

You Might Also Like...

Show Comments

Extras

Top Quizzes Today


Score Distribution

Your Account Isn't Verified!

In order to create a playlist on Sporcle, you need to verify the email address you used during registration. Go to your Sporcle Settings to finish the process.

Report this User

Report this user for behavior that violates our Community Guidelines.

Details: